1371 1224 1942 1617 1827 1805 1578 1614 1376 1425 1750 1530 1895 1160 1848 1667 1464 1250 1791 1046 1662 1422 1802 1576 1011 1451 1869 1986 1598 1846 1270 1664 1403 1140 1782 1812 1037 1684 1270 1016 1262 1042 1448 1894 1174 1491 1251 1178 1069 1849 1505 1294 1894 1382 1239 1445 1867 1631 1516 1361 1263 1135 1007 1168 1633 1927 1677 1682 1199 1734 1464 1939 1667 1646 1094 1875 1859 1872 1324 1943 1056 1095 1090 1302 1843 1728 1214 1637 1236 1064 1289 1689 1949 1014 1600 1230 1826 1389 1104 BCNSPRNW ULIB Ver.6.0+V

เปลี่ยนเป็นภาษาไทย

Change to English
 แสดงรายละเอียดบรรณานุกรม
  กลับหน้าหลัก

Brief Record : Get Marc (ISO 2709) : E-mail record : QR code < ปิดหน้าต่าง
LEADER : 00000nam 2200000uu 4500
001    13399128868
003     ULIB
008    241021s2566||||th 000 0 tha d
020 ^^ ^a9786164263314
060 ^^ ^aWA105^bศ111ร
100 ^^ ^aศักดิ์ชัย ไชยมหาพฤกษ์
245 ^^ ^aระบาดวิทยาและสถิติ = ^bEpidemiology and Statistics/^cศักดิ์ชัย ไชยมหาพฤกษ์
250 ^^ ^aพิมพ์ครั้งที่ 2
260 ^^ ^aพิษณุโลก : ^bสำนักพิมพ์มหาวิทยาลัยนเรศวร,^c2566
300 ^^ ^a330 หน้า
502 ^^ ^aบทนำสู่ระบาดวิทยา Introduction to Epidemiology -- การวัดทางระบาดวิทยา Measures in Epidemiology -- การวัดความสัมพันธ์ Measures of Association -- การออกแบบวิจัย Study Design -- การวิจัยแบบสังเกตุ Observational Study -- การวิจัยเชิงทดลอง Experimental study -- อคติ Bias -- ตัวแปรกวน Confounder -- การทดสอบวินิจฉัยโรค Diagnostic Test -- การวัด Measurement -- สถิติเชิงพรรณา Descriptive Statistics -- สถิติเชิงอ้างอิง Statistical Inference -- การทดสอบทางสถิติ Statistical Test -- โปรแกรมคอมพิวเตอร์ PSPP -- การเปรียบเทียบตัวแปรเชิงตัวเลข Comparing Numerical Data -- การวิเคราะห์ความสัมพันธ์ Correlation -- การวิเคราะห์ถดถอย Regression -- การวิเคราะห์การรอดชีพ Time-to-Event Analysis -- การสาธารณสุข Public Health -- การป้องกันควบคุมโรคติดต่อ Prevention & Control of Communicable Diseases -- เวชศาสตร์เชิงประจักษ์ Evidence-Based Medicine
650 ^^ ^aชีวสถิติ
650 ^^ ^aระบาดวิทยา^xระเบียบวิธีทางสถิติ
945    ^p400^l0^i30294
945    ^p400^l0^i30295
945    ^p400^l0^i30494
945    ^p400^l0^i30495
999    ^aกัณชพร จุลอักษร
รายการนี้ยังไม่มีแท็ก
คุณยังไม่ได้ล็อกอิน คุณสามารถมีกิจกรรมร่วมกับเว็บไซต์ได้ แต่ต้องล็อกอินก่อน ::
  ล็อกอิน

รายการสื่อสารสนเทศ

ลำดับที่ ประเภท เลขเรียก/บาร์โค้ด สถานที่ สถานะ
1. หนังสือสำรอง
หนังสือสำรอง
WA105 ศ111ร ฉ.1 
  Barcode: 30294
ห้องสมุดวิทยาเขตนครสวรรค์
►หนังสือทั่วไป:l:General Books
บนชั้น
2. วิทยาศาสตร์การแพทย์ และสุขภาพ
วิทยาศาสตร์การแพทย์ และสุขภาพ
WA105 ศ111ร ฉ.2 
  Barcode: 30295
ห้องสมุดวิทยาเขตนครสวรรค์
►หนังสือทั่วไป:l:General Books
บนชั้น
3. วิทยาศาสตร์การแพทย์ และสุขภาพ
วิทยาศาสตร์การแพทย์ และสุขภาพ
WA105 ศ111ร ฉ.3 
  Barcode: 30494
ห้องสมุดวิทยาเขตนครสวรรค์
►หนังสือทั่วไป:l:General Books
บนชั้น
4. วิทยาศาสตร์การแพทย์ และสุขภาพ
วิทยาศาสตร์การแพทย์ และสุขภาพ
WA105 ศ111ร ฉ.4 
  Barcode: 30495
ห้องสมุดวิทยาเขตนครสวรรค์
►หนังสือทั่วไป:l:General Books
บนชั้น

รายการใกล้เคียง
    ผู้แต่ง [ศักดิ์ชัย ไชยมหาพฤกษ์]

    หัวเรื่อง [ชีวสถิติ]

BibComment


ยังไม่เคยถูกคอมเมนท์

คอมเมนท์ทรัพยากรรายการนี้
  คอมเมนท์: ระบาดวิทยาและสถิ..


 Copyright 2026. Bcnsprnw @Library